000 00635nam a22001817a 4500
003 OSt
005 20260220054136.0
008 260220b |||||||| |||| 00| 0 eng d
020 _a97105-03502.
040 _aDWC-Main lib.
_cOC
082 _aSC. 050.599 P552 2006
110 _aFolkien Times Philippines Yearbook LTD.
245 _aThe Philippine yearbook 2007 :
_b20 years after EDSA/
_cFolkien Times Philippines Yearbook LTD.
260 _aPhilippines :
_bFolkien Times Philippines Yearbook Ltd.,
_cc2006.
300 _aill :
_bcolored illustration ;
_c30 cm.
650 _a1. Philippines-Yearbooks.
942 _2ddc
_cSC
_hSC.
_n0
999 _c8458
_d8458